• 首页
  • 本馆介绍
  • 公告通知
  • 最新文献
  • 馆藏检索
  • 电子资源
  • 读者导购
  • 参考咨询
  • 我的图书馆
  • 登录
  • 详细信息显示
  • 放入我的书架
  • 预约/预借图书
  • 作者相关作品
  • 分类相关作品
  • 丛书相关作品
  • 出版社相关作品

书目信息

  • 表格格式
  • 工作单格式
  • 卡片格式
题名:
增塑剂化学品生产配方和合成工艺
    
 
作者: 汪多仁 主编
分册:  
出版信息: 北京   科学技术文献出版社  1999
页数: 407
开本: 20cm
丛书名:
单 册:
中图分类: TQ414-62
科图分类:
主题词: 增塑剂--生产 , 增塑剂
电子资源:
ISBN: 7-5023-3289-8
000 00734nam0 2200205 450
001 0754114953
005 20070929150154.95
010    @a7-5023-3289-8
100    @a20070929d km y0chiy0120 ea
101 0  @achi
200 1  @a增塑剂化学品生产配方和合成工艺@Azeng su ji hua xue pin sheng chan pei fang he he cheng gong yi@e精细化工品实用生产技术手册@f汪多仁 主编@Fwang duo ren zhu bian
210    @a北京@c科学技术文献出版社@d1999
215    @a407@c插图@d20cm
517 1  @a精细化工品实用生产技术手册@Ajing xi hua gong pin shi yong sheng chan ji shu shou ce
606 0  @a增塑剂@x生产
606 0  @a增塑剂
690    @aTQ414-62@v3
701  0 @a汪多仁@Awang duo ren@4主编
801  0 @aCN@bPFT@c20070929
905    @a213230@dTQ414-62@eh56@f1
    
    增塑剂化学品生产配方和合成工艺:精细化工品实用生产技术手册/汪多仁 主编.-北京:科学技术文献出版社,1999
    407:插图;20cm
    
    
    ISBN 7-5023-3289-8:
    
●
相关链接 在E读中查询图书 在五车中查询图书 在当当中查询图书 在豆瓣中查询图书


正题名:增塑剂化学品生产配方和合成工艺     索取号:TQ414-62/h56         预约/预借

序号 登录号 条形码 馆藏地/架位号 状态 备注
1 6000982   260009822   密集书库-化学系/ [索取号:TQ414-62/h56] 在馆    
唐山师范学院图书馆 欢迎您!
大连网信软件有限公司© 版权所有